02679 2200193 4500001002100000005001500021035002000036008004100056245002500097100001200122260002300134300002300157084001700180520222300197082001102420650003202431990001102463990001102474INLIS00000000000443420220221112632 a0010-0621004034220221 0 ind 1 aKekuatan Hati Nurani0 aHarseno aJakarta :b,c1998 a227 hlm. ;c24 cm. a153.06 HAR k aKekuatan Hati Nurani Pembinaan generasi muda adalah upaya yang harus dilakukan sepanjang masa dengan penuh kasih sayang, tekun clan sabar. Karena kita semuanya mendambakan agar dikemudian hari kelangsungan kehidupan bangsa dan negara ini, dipimpin oleh mereka yang memiliki keimanan, yang tangguh pada setiap aspek kehidupan bermasyarakat, berbangsa clan bernegara. Apa yang kita harus kembangkan semasa kunjungan hidup kita ini, adalah KEIMANAN dan semua hal yang bersifat fundamental dan bertaqwa kepada Tuhan YME. Seperti yang disabdakan oleh Nabi Muhammad S.A.W., Nabi Isa dan Budha Gautama bahwa kehidupan kita sebagai manusia hanyalah berupa sarana untuk mencapai keabadian di akherat. Agama yang selalu diagungkan orang itu sebenarnya merupakan sarana bagi setiap orang untuk memperkuat IMAN-nya atau hati nuraninya. Orang baru dapat dikatakan beriman apabila dia telah menjalankan ajaran agamanya secara utuh dan tindakannya seharihari selaras dengan hati nuraninya. Orang kecil yang rendah pendidikannya apabila tidak mengenal moralitas clan etika, dia bisa melakukan gangguan-gangguan kecil bagi masyarakat. Tetapi orang besar yang berpendidikan tinggi, yang moralitas dan etika-irya rendah mampu menciptakan ancaman, gangguan dan hambatan yang fatal bagi masyarakat luas. Karena dia mampu melakukan korupsi, mampu berkolusi dan bernepotisme dengan menghalalkan segala cara yang kotor, sehingga akibatnva sangat fatal bagi kehidupan bermasyarakat, berbangsa dan bernegara. Seperti kehancuran dan kesengsaraan yang telah dialami oleh sebagian besar bangsa dan negara di Asia menjelang akhir abad ke-20. Dalam kehidupan yang polusi ini, pikiran manusia selalu tercemarkan oleh nafsu, egoisme dan emosi. Dengan demikian sulitlah bagi rata-rata orang untuk kembali kepada hati nurani / Imannya, yang merupakan sumber dari kebenaran dan keberlimpahan hidup. Oleh karena itu, buku ini bertujuan membantu para pembacanya terutama para pemuda, agar tergerak minatnya untuk kembali kepada hati nurani / Imannya. Yang selanjutnya secara alami akan mengarah kepada terciptanya moralitas, etika, sopan santun dan rasa kepedulian sosial, pada setiap aspek kehidupannya dan selanjutnya mengalami sukses dalam hidup.(libra) a153.06 4aPsikologi Komunikasi Verbal a007458 a007597